[Event "67th RUS-ch Superfinal Women 2017"]
[Site "St. Petersburg"]
[Date "2017.12.11"]
[Round "8"]
[White "Shuvalova, Polina"]
[Black "Kovalevskaya, Ekaterina"]
[Result "1-0"]
[WhiteElo "2385"]
[BlackElo "2405"]
[Annotator "ChessBase"]
[PlyCount "163"]
[EventDate "2017.??.??"]
[EventType "tourn"]
[EventCountry "RUS"]
[SourceTitle "playchess.com"]
[Source "ChessBase"]
[SourceQuality "1"]
[TimeControl "40/5400+30:1800+30"]

1. e4 {[%emt 0:00:00]} c5 {[%emt 0:00:08]} 2. Nf3 {[%emt 0:00:00]} Nc6 {[%emt 0:00:18]} 3. c3 {[%emt 0:00:00]} d5 {[%emt 0:04:25]} 4. exd5 {[%emt 0:00:00]} Qxd5 {[%emt 0:00:07]} 5. d4 {[%emt 0:00:00]} cxd4 {[%emt 0:00:26]} 6. cxd4 {[%emt 0:00:00]} Bg4 {[%emt 0:01:21]} 7. Be2 {[%emt 0:01:31]} e6 {[%emt 0:00:07]} 8. Nc3 {[%emt 0:00:11]} Qd8 {[%emt 0:00:17]} 9. O-O {[%emt 0:00:51]} Nf6 {[%emt 0:00:04]} 10. h3 {[%emt 0:01:25]} Bh5 {[%emt 0:04:58]} 11. Be3 {[%emt 0:03:37]} Be7 {[%emt 0:01:31]} 12. Qb3 {[%emt 0:00:14]} O-O {[%emt 0:10:30]} 13. Qxb7 {[%emt 0:05:02]} Nb4 {[%emt 0:01:31]} 14. Bf4 {[%emt 0:06:55]} Nfd5 {[%emt 0:14:40]} 15. Nxd5 {[%emt 0:05:48]} Nxd5 {[%emt 0:00:36]} 16. Be5 {[%emt 0:01:17]} f6 {[%emt 0:04:42]} 17. Bh2 {[%emt 0:06:10]} Bd6 {[%emt 0:05:41]} 18. Qc6 {[%emt 0:04:42]} Bxh2+ {[%emt 0:01:15]} 19. Nxh2 {[%emt 0:00:36]} Bf7 {[%emt 0:01:12]} 20. Rac1 {[%emt 0:05:31]} Rb8 {[%emt 0:07:21]} 21. b3 {[%emt 0:07:35]} Nf4 {[%emt 0:25:48]} 22. Bg4 {[%emt 0:11:11]} h5 {[%emt 0:02:18]} 23. Bf3 {[%emt 0:05:45]} Qxd4 {[%emt 0:00:19]} 24. Rfd1 {[%emt 0:00:33]} Qb6 {[%emt 0:03:48]} 25. h4 {[%emt 0:03:59]} Qa5 {[%emt 0:01:22]} 26. Rc4 {[%emt 0:08:52]} Rb4 {[%emt 0:04:33]} 27. Rxb4 {[%emt 0:05:43]} Qxb4 {[%emt 0:00:02]} 28. g3 {[%emt 0:01:16]} Nd5 {[%emt 0:00:38]} 29. Nf1 {[%emt 0:01:23]} Nb6 {[%emt 0:03:07]} 30. Ne3 {[%emt 0:03:05]} Qa3 {[%emt 0:00:23]} 31. Rd2 {[%emt 0:02:46]} Rc8 {[%emt 0:01:25]} 32. Qb7 {[%emt 0:00:02]} Qc1+ {[%emt 0:00:29]} 33. Rd1 {[%emt 0:00:03]} Qc7 {[%emt 0:00:13]} 34. Qa6 {[%emt 0:01:04]} Nd7 {[%emt 0:00:57]} 35. Bxh5 {[%emt 0:03:12]} Ne5 {[%emt 0:00:33]} 36. Be2 {[%emt 0:00:40]} Rb8 {[%emt 0:00:47]} 37. Qd6 {[%emt 0:02:41]} Qb7 {[%emt 0:00:08]} 38. f4 {[%emt 0:01:22]} Nc6 {[%emt 0:00:23]} 39. Bf3 {[%emt 0:01:59]} Qb6 {[%emt 0:00:05]} 40. Kf2 {[%emt 0:00:00]} Nb4 {[%emt 0:01:28]} 41. Qxb6 {[%emt 0:04:26]} axb6 {[%emt 0:00:16]} 42. a3 {[%emt 0:03:01]} Na2 {[%emt 0:05:18]} 43. Rd2 {[%emt 0:06:08]} Nc3 {[%emt 0:02:53]} 44. Rd3 {[%emt 0:07:10]} Nb5 {[%emt 0:07:49]} 45. a4 {[%emt 0:00:39]} Nc7 {[%emt 0:00:17]} 46. Be2 {[%emt 0:05:08]} Na6 {[%emt 0:03:37]} 47. Rd1 {[%emt 0:01:18]} Nc5 {[%emt 0:00:45]} 48. Bc4 {[%emt 0:00:01]} Kf8 {[%emt 0:04:38]} 49. Kf3 {[%emt 0:02:24]} Be8 {[%emt 0:01:35]} 50. Nc2 {[%emt 0:01:05]} b5 {[%emt 0:04:28]} 51. axb5 {[%emt 0:00:26]} Bxb5 {[%emt 0:00:02]} 52. Bxb5 {[%emt 0:00:19]} Rxb5 {[%emt 0:00:04]} 53. b4 {[%emt 0:00:09]} Na6 {[%emt 0:00:49]} 54. Rd4 {[%emt 0:01:29]} Ke7 {[%emt 0:00:20]} 55. g4 {[%emt 0:00:05]} Rb8 {[%emt 0:01:11]} 56. Rc4 {[%emt 0:00:18]} Kd6 {[%emt 0:00:45]} 57. Ke4 {[%emt 0:00:29]} g6 {[%emt 0:02:08]} 58. Rd4+ {[%emt 0:02:30]} Ke7 {[%emt 0:00:15]} 59. g5 {[%emt 0:03:26]} f5+ {[%emt 0:01:30]} 60. Kd3 {[%emt 0:00:31]} Rh8 {[%emt 0:00:45]} 61. b5 {[%emt 0:00:42]} Nc5+ {[%emt 0:00:11]} 62. Kc4 {[%emt 0:00:08]} Nb7 {[%emt 0:01:10]} 63. Nb4 {[%emt 0:01:10]} Na5+ {[%emt 0:00:07]} 64. Kd3 {[%emt 0:00:24]} Rxh4 {[%emt 0:00:54]} 65. Nc6+ {[%emt 0:00:30]} Nxc6 {[%emt 0:00:05]} 66. bxc6 {[%emt 0:00:01]} e5 {[%emt 0:00:39]} 67. fxe5 {[%emt 0:00:54]} Rh3+ {[%emt 0:01:00]} 68. Kc4 {[%emt 0:00:05]} Rh1 {[%emt 0:00:22]} 69. Rd3 {[%emt 0:00:44]} Ke6 {[%emt 0:00:34]} 70. Rc3 {[%emt 0:01:35]} Rh8 {[%emt 0:00:26]} 71. Kb5 {[%emt 0:00:32]} Kxe5 {[%emt 0:00:26]} 72. c7 {[%emt 0:00:01]} Rc8 {[%emt 0:00:31]} 73. Kc6 {[%emt 0:00:23]} f4 {[%emt 0:00:28]} 74. Kd7 {[%emt 0:00:03]} Rxc7+ {[%emt 0:00:06]} 75. Rxc7 {[%emt 0:00:28]} f3 {[%emt 0:00:25]} 76. Ke7 {[%emt 0:00:28]} f2 {[%emt 0:00:37]} 77. Rc1 {[%emt 0:00:06]} Kf5 {[%emt 0:00:08]} 78. Rf1 {[%emt 0:00:11]} Kxg5 {[%emt 0:00:06]} 79. Rxf2 {[%emt 0:00:01]} Kh4 {[%emt 0:00:09]} 80. Kf6 {[%emt 0:00:04]} g5 {[%emt 0:00:04]} 81. Rg2 {[%emt 0:00:16]} g4 {[%emt 0:00:07]} 82. Kf5 {[%emt 0:00:01]} 1-0

[Event "67th RUS-ch Superfinal Women 2017"]
[Site "St. Petersburg"]
[Date "2017.12.12"]
[Round "9"]
[White "Gunina, Valentina"]
[Black "Pogonina, Natalija"]
[Result "0-1"]
[WhiteElo "2510"]
[BlackElo "2469"]
[Annotator "TA"]
[PlyCount "42"]
[EventDate "2017.??.??"]
[EventType "tourn"]
[EventCountry "RUS"]
[SourceTitle "playchess.com"]
[Source "ChessBase"]
[SourceQuality "1"]

{[%evp 16,42,5,0,11,5,2,-106,-103,-93,-71,-231,-198,-256,-254,-263,-249,-364,-356,-459,-459,-450,-419,-410,-410,-1893,-1794,-2295,-2197]} 1. e4 e5 2. Nf3 Nc6 3. d4 exd4 4. Nxd4 Nf6 5. Nxc6 bxc6 6. Qe2 {C45: Scotch Game} (6. e5 Qe7 7. Qe2 Nd5 8. c4 Nb6 9. Nc3 Ba6 10. b3 O-O-O 11. Bb2 Re8 12. f4 f6 13. O-O-O fxe5 14. Qxe5 Qxe5 15. fxe5 Rxe5 16. Bd3 Re3 17. Rhf1 {0-1 (24) Nepomniachtchi,I (2751)-Karjakin,S (2783) chess.com INT 2017}) 6... d5 7. exd5+ Be7 8. dxc6 O-O 9. Qd3 {LiveBook: 3 Games} Re8 {( -> ...Bb4+)} 10. Be2 $146 ({Predecessor:} 10. Be3 Nd5 11. Nc3 Nxe3 12. fxe3 Bd6 13. O-O-O Qe7 {1-0 (48) Wisniewski,M (2236)-Sliwicka,A (2084) Lvov 2016}) 10... Bb4+ 11. Bd2 (11. Nc3 $11 {was the only way to keep the balance.}) 11... Bxd2+ $1 $17 12. Nxd2 {Strongly threatening Qxd8.} Qe7 $1 {Threatens to win with ...Bf5!} 13. Qe3 $2 {[#]} (13. Nf1 $17) 13... Ba6 $1 $19 {[%cal Ra6e2][%mdl 1536] Black has strong compensation.} 14. c4 {[#]} (14. Bxa6 $142 Qc5 15. O-O-O Rxe3 16. fxe3) 14... Qd6 $1 ({And not} 14... Qxe3 15. fxe3 Rxe3 16. Kf2 $14) 15. Qf3 Qe5 16. Rc1 (16. Rd1 {was called for.}) 16... Rad8 (16... Qxb2 $2 17. Qc3 $17) 17. b3 Bc8 18. Qe3 {Black should prevent Qxe5.} Qd6 19. Qc3 Bf5 {...Bd3 is the strong threat.} 20. Nf1 (20. O-O $142 Rxe2 21. Nf3) 20... Ne4 21. Qb2 Qb4+ {Precision: White = 16%, Black = 94%.} 0-1

[Event "67th RUS-ch Superfinal Women 2017"]
[Site "St. Petersburg"]
[Date "2017.12.12"]
[Round "9"]
[White "Kashlinskaya, Alina"]
[Black "Girya, Olga"]
[Result "1/2-1/2"]
[WhiteElo "2452"]
[BlackElo "2484"]
[Annotator "TA"]
[PlyCount "61"]
[EventDate "2017.??.??"]
[EventType "tourn"]
[EventCountry "RUS"]
[SourceTitle "playchess.com"]
[Source "ChessBase"]
[SourceQuality "1"]

{[%evp 16,61,22,39,37,52,57,60,55,61,45,48,84,77,122,85,75,69,108,103,110,110,106,53,83,74,99,103,84,65,53,37,45,28,26,0,26,0,0,0,0,0,0,0,0,0,0,0]} 1. d4 Nf6 2. c4 e6 3. Nf3 d5 4. Nc3 Bb4 5. cxd5 exd5 6. Bf4 {D38: Queen's Gambit Declined: Ragozin Defence (4 Nf3 Bb4)} (6. Bg5 O-O 7. e3 Bf5 8. Qb3 Bxc3+ 9. Qxc3 h6 10. Bh4 g5 11. Bg3 Ne4 12. Qxc7 Nc6 13. Qxd8 Rfxd8 14. Be2 Rac8 15. O-O h5 16. h4 g4 17. Ne5 Nb4 18. Bf4 f6 19. Nd3 Nc3 20. bxc3 {½-½ (20) Ding,L (2774)-Aronian,L (2801) Palma de Mallorca 2017}) 6... O-O 7. e3 c5 8. dxc5 Ne4 9. Rc1 {LiveBook: 5 Games} Bg4 $146 ({Predecessor:} 9... Qa5 10. Bd3 Nxc3 11. bxc3 Bxc3+ 12. Kf1 Bf6 13. h4 h5 {1-0 (32) Kazhgaleyev,M (2570)-Munkhgal,G (2419) Abu Dhabi 2016}) 10. Be2 Nc6 11. O-O Nxc3 12. bxc3 Bxc5 13. Qb3 Bb6 14. Rfd1 Ne7 15. Bg5 {Qb4 is the strong threat.} f6 16. Bf4 Kh8 17. h3 Be6 18. Nd4 Bg8 19. Bh2 (19. c4 $16) 19... Rc8 20. Bf3 Rc5 21. Qb1 Qd7 22. Bg3 Rd8 23. Be2 Qe8 24. Nb3 Rcc8 25. Nd4 Ng6 26. Bh5 Bf7 {The position is equal.} 27. Bg4 Rc5 28. Nb3 Rc4 29. Nd4 Rc5 30. Nb3 Rc4 31. Nd4 {Precision: White = 60%, Black = 57%.} 1/2-1/2

[Event "67th RUS-ch Superfinal Women 2017"]
[Site "St. Petersburg"]
[Date "2017.12.12"]
[Round "9"]
[White "Nechaeva, Marina"]
[Black "Bodnaruk, Anastasia"]
[Result "1/2-1/2"]
[WhiteElo "2424"]
[BlackElo "2428"]
[Annotator "TA"]
[PlyCount "94"]
[EventDate "2017.??.??"]
[EventType "tourn"]
[EventCountry "RUS"]
[SourceTitle "playchess.com"]
[Source "ChessBase"]
[SourceQuality "1"]

{[%evp 26,94,0,0,0,0,0,0,0,-11,8,7,16,4,6,4,6,5,4,0,3,7,7,4,6,-15,-11,-11,-4,-8,-10,-19,-22,-12,-21,-9,-6,-6,-3,-5,0,-7,0,-84,-84,-84,-75,-75,-75,-90,-75,-103,-103,-103,-69,-75,-69,-75,-75,-103,-75,-75,-75,-88,-96,-89,-96,-103,-68,-68,0]} 1. d4 Nf6 2. c4 g6 3. Nc3 Bg7 4. e4 d6 5. f3 O-O 6. Be3 c5 7. dxc5 dxc5 8. Qxd8 Rxd8 9. Bxc5 Nc6 {[%cal Bb8c6,Bc6b4,Bb4a2][%mdl 32]} 10. Nge2 b6 11. Ba3 a5 {E81: King's Indian: Sämisch: 6th move deviations (including 6 Be3 c6)} (11... Bb7 12. Rd1 Nd7 13. Nd5 Nde5 14. Nec3 e6 15. Ne7+ Nxe7 16. Bxe7 Rdc8 17. c5 bxc5 18. Be2 c4 19. Bd6 {0-1 (69) Mchedlishvili,M (2618)-Bacrot,E (2720) Tromsoe 2014}) 12. Nd5 Nxd5 13. cxd5 Nb4 14. O-O-O {LiveBook: 4 Games} Nxa2+ 15. Kb1 Nb4 16. Nd4 $146 ({Predecessor:} 16. Bxb4 axb4 17. Nd4 Bd7 18. Bc4 Rdc8 19. Bb5 Bxb5 20. Nxb5 Rc5 21. Nd4 Bxd4 22. Rxd4 b3 23. Rhd1 Rca5 24. Kc1 Rc8+ 25. Kb1 Rca8 {½-½ (25) Kutsankov,V (2361)-Dydyshko,V (2574) Minsk 2007}) 16... Bd7 17. Bc4 Rac8 18. Bb3 Be8 19. Rhe1 e5 20. Bxb4 axb4 21. Nc6 Bxc6 22. dxc6 {Threatens to win with Rxd8+.} Rxd1+ $1 23. Rxd1 {With the idea Rd7.} Rxc6 $11 {[%mdl 4096] Endgame KRB-KRB} 24. Rd7 Rf6 25. Rd8+ Bf8 26. Re8 Kg7 27. Rxe5 Bd6 28. Rd5 {[#] e5 is the strong threat.} Bxh2 29. Rb5 Rd6 30. Bd5 f5 31. Rxb4 fxe4 32. Bxe4 Kf6 33. Rc4 Bg1 34. Rc6 (34. Kc2 $11) 34... Rxc6 $17 35. Bxc6 {KB-KB} Ke5 36. Kc2 {[#]} Kf4 $1 37. Kd3 Kg3 38. f4 Kxf4 39. Ke2 Kg4 40. Kf1 Bc5 (40... Bd4 {is interesting.} 41. b3 g5 42. Bd7+ Kg3 43. Be8 Bc5) 41. b3 h5 42. Bd5 g5 {[%cal Bg6g5,Bg5g4][%mdl 32]} 43. Bf3+ Kh4 44. g3+ Kxg3 45. Bxh5 g4 46. Bf7 Kf3 47. Bd5+ Kg3 {Precision: White = 50%, Black = 57%.} (47... Kf4 $15) 1/2-1/2

[Event "67th RUS-ch Superfinal Women 2017"]
[Site "St. Petersburg"]
[Date "2017.12.12"]
[Round "9"]
[White "Kovalevskaya, Ekaterina"]
[Black "Goryachkina, Aleksandra"]
[Result "0-1"]
[WhiteElo "2405"]
[BlackElo "2486"]
[Annotator "TA"]
[PlyCount "105"]
[EventDate "2017.??.??"]
[EventType "tourn"]
[EventCountry "RUS"]
[SourceTitle "playchess.com"]
[Source "ChessBase"]
[SourceQuality "1"]

{[%evp 23,105,0,5,0,0,-19,-27,-78,-77,-70,-63,-68,-77,-84,-93,-75,-77,-100,-67,-74,-87,-74,-75,-70,-60,-72,-69,-96,-81,-140,-126,-125,-78,-112,-118,-137,-118,-147,-163,-155,-151,-149,-145,-192,-202,-202,-196,-192,-156,-288,-266,-346,-346,-409,-398,-422,-405,-473,-470,-497,-497,-665,-419,-404,-416,-395,-387,-500,-494,-747,-734,-710,-566,-675,-682,-617,-553,-714,-662,-906,-979,-3152,-2873,-2754]} 1. e4 e6 2. d4 d5 3. exd5 exd5 4. Nf3 Nc6 5. Bb5 Bd6 6. c4 dxc4 7. d5 a6 8. Ba4 b5 9. dxc6 bxa4 10. O-O Ne7 11. Qxa4 O-O 12. Nbd2 Rb8 {LiveBook: 38 Games. C01: French: Exchange Variation} 13. Qxc4 (13. a3 Qe8 14. Nxc4 Qxc6 15. Qxc6 Nxc6 {½-½ (15) Gunina,V (2505)-Riazantsev,A (2666) Cheliabinsk 2017}) 13... Bf5 $146 ({Predecessor:} 13... Rb4 14. Qc3 Nd5 15. Qc2 Rg4 16. Nc4 Qf6 17. Qe2 Qg6 18. Nfe5 Bxe5 19. Nxe5 Rxg2+ {½-½ (43) Thomsen,J (2315)-Boeken,M (2398) ICCF email 2008}) 14. Re1 {[#]} Bd3 $1 {[%mdl 512] The position is equal.} 15. Qc3 (15. Qa4 $11) (15. Qxd3 Bxh2+) 15... Bb4 $17 16. Qd4 Nxc6 17. Qxd8 Rfxd8 18. a3 Bf8 19. Nf1 Bd6 20. Ng3 Na5 {Threatens to win with ...Nb3.} 21. b4 Nb3 22. Ra2 a5 23. bxa5 c5 {[%cal Bc7c5,Bc5c4][%mdl 32]} 24. Bb2 Nxa5 {And now ...Bc4 would win.} 25. Bc3 Nc6 26. Ne4 ({White should try} 26. Rc1) 26... Bf8 27. Ned2 c4 28. g3 Ra8 29. Rea1 Ra4 30. Ne5 Nxe5 31. Bxe5 f6 32. Bc3 Rda8 {[%cal Ra4a3]} 33. Kg2 Rxa3 34. Rxa3 Rxa3 35. Rxa3 Bxa3 $19 {[%mdl 4096] Endgame KBB-KBN} 36. f4 (36. Kf3 $17) 36... Kf7 37. Kf3 Ke6 38. g4 Kd5 39. g5 fxg5 40. fxg5 g6 41. h4 Bc5 42. Kf4 Bd6+ 43. Ke3 Bg3 44. Nf3 Be4 45. Nd2 Bg2 {Black is clearly winning.} 46. Bf6 (46. Nb1 $142 Bxh4 47. Kf4) 46... Bxh4 47. Nb1 Ke6 48. Na3 Bf1 49. Kf4 {[#]} h6 $1 {[%cal Bh7h6,Bh6h5,Bh5h4][%mdl 32]} 50. Kg4 (50. gxh6 Bxf6) 50... Be1 51. Nb5 h5+ 52. Kf4 h4 53. Nc7+ {Precision: White = 31%, Black = 97%.} 0-1

[Event "67th RUS-ch Superfinal Women 2017"]
[Site "St. Petersburg"]
[Date "2017.12.12"]
[Round "9"]
[White "Gritsayeva, Oksana"]
[Black "Galliamova, Alisa"]
[Result "1/2-1/2"]
[WhiteElo "2373"]
[BlackElo "2443"]
[Annotator "TA"]
[PlyCount "107"]
[EventDate "2017.??.??"]
[EventType "tourn"]
[EventCountry "RUS"]
[SourceTitle "playchess.com"]
[Source "ChessBase"]
[SourceQuality "1"]

{[%evp 13,107,12,72,72,86,62,125,111,122,71,66,77,89,89,89,89,91,89,89,89,89,89,93,90,86,94,83,93,94,89,100,95,103,99,150,154,133,135,129,100,100,100,102,108,101,100,109,78,122,113,110,122,111,96,93,81,156,137,149,123,147,73,74,74,81,83,92,95,95,94,109,63,64,64,336,69,64,41,44,39,39,18,43,43,53,54,58,47,61,8,8,8,8,0,0,0]} 1. e4 e5 2. Nf3 Nc6 3. Bb5 a6 4. Bxc6 dxc6 5. Nc3 {[%cal Bb1c3,Bc3d5,Bd5e3,Be3c4][%mdl 32]} Qd6 6. d4 exd4 7. Nxd4 c5 {LiveBook: 15 Games. C68: Ruy Lopez: Exchange Variation, sidelines} (7... Bd7 $11) 8. Nd5 $146 ({Predecessor:} 8. Nde2 Qxd1+ 9. Nxd1 Bd7 10. Bf4 O-O-O 11. Ne3 Re8 12. f3 Ne7 13. Kf2 Ng6 14. Bg3 Be7 15. h4 {½-½ (72) Barcenilla,R (2503)-Bhat,V (2483) ICC INT 2008}) 8... Qd8 {aiming for ...c6.} ({Don't go for} 8... cxd4 $2 9. Bf4 $18) 9. Qh5 Bd6 (9... Nf6 $14 10. Qe5+ Kd7) 10. Bg5 Ne7 11. Nb3 (11. Ne2 $142 c6 12. Ne3 Qa5+ 13. c3) 11... c6 12. Ne3 O-O 13. Rd1 Qc7 14. Nc4 Bf4 15. Nxc5 Ng6 16. O-O b5 17. Bxf4 Qxf4 {[#]} 18. Ne3 $1 $36 {[%mdl 2048] White is on the roll.} f5 19. exf5 Bxf5 20. g3 Qe5 21. b4 a5 22. a3 axb4 23. axb4 Ra2 (23... Bc8 $142 24. Qe2 Qc3) 24. Nxf5 Qxf5 25. Qxf5 Rxf5 26. Rd8+ Rf8 27. Rxf8+ Kxf8 {[%mdl 4096] Endgame KRN-KRN} 28. Ne6+ Kf7 29. Nd4 Ne7 30. Rc1 Rb2 31. c3 g5 32. h3 Ra2 33. Kg2 Ra3 34. c4 Ra4 (34... Rd3 $142) 35. cxb5 cxb5 36. Rc7 {Black must now prevent Nc6.} Kf6 {[#]} 37. Nxb5 (37. Rb7 $142 $1) 37... Rxb4 38. Nc3 Rd4 39. Kf3 {Threatens to win with Ne4+.} h6 40. Ne4+ Ke6 41. Ra7 Nc6 42. Rh7 Ne5+ 43. Ke3 Rd3+ 44. Ke2 Kf5 45. Re7 {And now Rxe5+! would win.} Ra3 46. Nd6+ Kf6 47. Rh7 Kg6 48. Rc7 Ra2+ 49. Ke3 Ra6 50. Nb5 Ra1 51. Ke4 (51. Nc3 $14) 51... Re1+ $11 {The position is equal.} 52. Kd5 Nd3 53. Rc6+ Kg7 {Strongly threatening ...Nb4+.} 54. Rc7+ {Precision: White = 71%, Black = 66%.} 1/2-1/2

[Event "67th RUS-ch Superfinal Women 2017"]
[Site "St. Petersburg"]
[Date "2017.12.12"]
[Round "9"]
[White "Ovod, Evgenija"]
[Black "Shuvalova, Polina"]
[Result "1-0"]
[WhiteElo "2364"]
[BlackElo "2385"]
[Annotator "NA"]
[PlyCount "129"]
[EventDate "2017.??.??"]
[EventType "tourn"]
[EventCountry "RUS"]
[SourceTitle "playchess.com"]
[Source "ChessBase"]
[SourceQuality "1"]
[TimeControl "40/5400+30:1800+30"]

1. e4 {[%emt 0:00:00]} c6 {[%emt 0:00:23]} 2. d4 {[%emt 0:00:00]} d5 {[%emt 0:00:02]} 3. exd5 {[%emt 0:00:00]} cxd5 {[%emt 0:00:03]} 4. Bd3 {[%emt 0:00:00]} Nc6 {[%emt 0:00:08]} 5. c3 {[%emt 0:00:01]} Qc7 {[%emt 0:00:50]} 6. Ne2 {[%emt 0:00:06]} Bg4 {[%emt 0:03:07] LiveBook: 270 Games} 7. O-O {[%emt 0:00:07] B13: Caro-Kann (Abtausch-Variante 4.c4)} e6 {[%emt 0:01:16]} (7... Nf6 8. Qe1 g6 9. Bf4 Qb6 10. h3 Bxe2 11. Qxe2 Bg7 12. a4 O-O 13. Re1 Rfe8 14. Na3 Nh5 {0-1 (41) Bachmann,A (2648)-Dreev,A (2648) Tbilisi 2017}) 8. Qe1 {[%emt 0:00:06]} Bxe2 {[%emt 0:00:10]} 9. Qxe2 {[%emt 0:00:04]} Nf6 {[%emt 0:00:07]} 10. Nd2 {[%emt 0:00:50]} Bd6 {[%emt 0:00:02]} 11. Nf3 {[%emt 0:03:01]} O-O {[%emt 0:00:18]} 12. Re1 {[%emt 0:01:07]} a6 $146 {[%emt 0:03:51]} ({Vorgänger:} 12... Rae8 13. Bg5 Nd7 14. Bc2 f5 {½-½ (46) Rook,D (2446)-Romm,M (2458) ICCF email 2013}) 13. Ne5 {[%emt 0:03:48]} Nd7 {[%emt 0:09:26]} 14. Bf4 {[%emt 0:12:47]} ({Much weaker is} 14. Qh5 g6 $17) 14... g6 {[%emt 0:03:14]} 15. h4 {[%emt 0:06:47]} Rfe8 {[%emt 0:07:24]} 16. h5 {[%emt 0:01:20]} Ndxe5 {[%emt 0:01:06]} 17. dxe5 {[%emt 0:00:59]} Bf8 {[%emt 0:00:15]} 18. hxg6 {[%emt 0:01:24]} fxg6 {[%emt 0:04:09]} 19. Rad1 {[%emt 0:07:11]} Bg7 {[%emt 0:04:32]} 20. Bb1 {[%emt 0:01:00]} Rf8 {[%emt 0:03:33]} 21. Bg3 {[%emt 0:02:41]} b5 {[%emt 0:00:44]} 22. a4 {[%emt 0:03:11]} Rab8 {[%emt 0:09:00]} 23. axb5 {[%emt 0:01:07]} axb5 {[%emt 0:00:16]} 24. Qg4 {[%emt 0:05:19]} Rfe8 {[%emt 0:05:58]} 25. f4 {[%emt 0:12:55]} Na5 {[%emt 0:05:35]} 26. b4 {[%emt 0:13:39]} Nc4 {[%emt 0:03:45]} 27. Rc1 {[%emt 0:00:11]} Qf7 {[%emt 0:04:27]} 28. Bf2 {[%emt 0:01:51]} Rec8 {[%emt 0:00:55]} 29. Bd4 {[%emt 0:01:58]} Ra8 {[%emt 0:03:45]} 30. Re2 {[%emt 0:05:45]} Ra1 {[%emt 0:01:43]} 31. Kh2 {[%emt 0:00:08]} Rca8 {[%emt 0:05:18]} 32. Rce1 {[%emt 0:00:27]} R8a6 {[%emt 0:01:34]} 33. g3 {[%emt 0:01:00]} Qe7 {[%emt 0:03:25]} 34. Kh3 {[%emt 0:04:51]} Na3 {[%emt 0:01:04]} 35. Bd3 {[%emt 0:00:04]} Rxe1 {[%emt 0:00:12]} 36. Rxe1 {[%emt 0:00:04]} Nc4 {[%emt 0:00:10]} 37. Qe2 {[%emt 0:03:34]} Qf8 {[%emt 0:01:37]} 38. Rf1 {[%emt 0:00:51]} Qa8 {[%emt 0:00:40]} 39. Rf2 {[%emt 0:00:16]} Ra1 {[%emt 0:00:45]} 40. Qg4 {[%emt 0:00:00]} Qe8 {[%emt 0:07:00]} 41. Kh2 {[%emt 0:07:51]} Qe7 {[%emt 0:03:20]} 42. Bc5 {[%emt 0:01:50]} Qe8 {[%emt 0:00:58]} 43. Qh3 {[%emt 0:05:09]} Qc6 {[%emt 0:04:26]} 44. Qg2 {[%emt 0:07:09]} Qa8 {[%emt 0:02:20]} 45. Be2 {[%emt 0:04:24]} Bf8 {[%emt 0:05:27]} 46. Bd4 {[%emt 0:01:56]} Ra6 {[%emt 0:02:18]} 47. Bd3 {[%emt 0:00:53]} Bg7 {[%emt 0:01:25]} 48. g4 {[%emt 0:01:00]} Ra1 {[%emt 0:01:41]} 49. Re2 {[%emt 0:01:48]} Bh6 {[%emt 0:02:25]} 50. Kg3 $16 {[%emt 0:01:01]} Qa3 {[%emt 0:02:33]} 51. g5 {[%emt 0:01:10]} Rd1 {[%emt 0:03:00]} 52. Qf3 {[%emt 0:02:40]} Bf8 {[%emt 0:01:15]} 53. Rh2 {[%emt 0:03:48]} Rd2 {[%emt 0:06:07]} 54. Bxc4 {[%emt 0:01:21]} Rxh2 {[%emt 0:01:08]} 55. Bxd5 {[%emt 0:00:19]} Rd2 {[%emt 0:02:04]} 56. Bxe6+ {[%emt 0:00:08]} Kh8 {[%emt 0:00:09]} 57. Bf7 {[%emt 0:03:13]} Bxb4 {[%emt 0:02:33]} 58. e6+ {[%emt 0:01:20]} Rxd4 {[%emt 0:00:08]} 59. cxd4 {[%emt 0:00:03]} Qa1 {[%emt 0:01:48]} 60. Qe3 {[%emt 0:00:30]} Qe1+ {[%emt 0:00:53]} 61. Qxe1 {[%emt 0:00:18]} Bxe1+ {[%emt 0:00:03]} 62. Kf3 {[%emt 0:00:04]} Kg7 {[%emt 0:00:04]} 63. Be8 {[%emt 0:00:15]} b4 {[%emt 0:00:42]} 64. e7 {[%emt 0:00:21]} b3 {[%emt 0:00:16]} 65. Bxg6 {[%emt 0:00:17]} 1-0

[Event "67th RUS-ch Superfinal Women 2017"]
[Site "St. Petersburg"]
[Date "2017.12.13"]
[Round "10"]
[White "Gunina, Valentina"]
[Black "Gritsayeva, Oksana"]
[Result "0-1"]
[WhiteElo "2510"]
[BlackElo "2373"]
[Annotator "TA"]
[PlyCount "92"]
[EventDate "2017.??.??"]
[EventType "tourn"]
[EventCountry "RUS"]
[SourceTitle "playchess.com"]
[Source "ChessBase"]
[SourceQuality "1"]

{[%evp 15,92,-41,-47,-88,-108,-119,-126,-169,-123,-185,-184,-199,-168,-172,-170,-270,-268,-304,-314,-297,-259,-255,-233,-299,-288,-375,-95,-89,-90,-99,-56,-50,-47,-77,-62,-147,-127,-148,-140,-135,-134,-177,-160,-167,-160,-160,-160,-190,-167,-167,-167,-243,-233,-323,-316,-306,-308,-299,-295,-235,-220,-706,-679,-12840,-6592,-6436,0,-5089,-3828,-29966,-29968,-29965,-29966,-29969,-29970,-29971,-29972,-29985,-29986]} 1. e4 d6 2. d4 Nf6 3. Nc3 e5 4. Nf3 exd4 5. Nxd4 Be7 6. Bf4 O-O 7. Qd2 d5 {[%cal Bd6d5,Bd5d4][%mdl 32]} 8. e5 {C41: Philidor Defence} (8. Ndb5 Bb4 9. O-O-O c6 10. Nc7 Nxe4 11. Qd4 Bxc3 12. bxc3 Qe7 13. c4 Qa3+ 14. Qb2 Qa5 15. cxd5 Nxf2 {1-0 (29) Ragger,M (2644)-Schneider,I (2509) Austria 2017}) 8... Nh5 $1 {LiveBook: 4 Games} 9. Bg3 c5 10. Nb3 {Black is better.} d4 11. Nb5 a6 $146 ({Predecessor:} 11... Nc6 12. Bd3 a6 13. Nd6 Nxe5 14. Bxe5 Bxd6 15. Bxd6 Qxd6 {0-1 (44) Plachetka,J (2450)-Novak,I (2280) Topolcianky 1993}) 12. Na3 (12. Nd6 $17) 12... Nc6 $19 {[%cal Bb8c6,Bc6e5,Be5g4][%mdl 32]} 13. O-O-O Nxg3 14. hxg3 Nxe5 15. Rh5 (15. Re1 {keeps fighting.} Ng6 16. Bd3) 15... Ng4 16. Bd3 g6 17. Rxc5 Bxc5 18. Nxc5 Qe7 19. b4 Re8 20. Nc4 {[#]} Qf6 $2 (20... a5 $1 $19 {White must now prevent ...axb4.} 21. Ne4 (21. bxa5 Qxc5) 21... axb4) 21. Ne4 $17 Rxe4 22. Bxe4 Nxf2 23. Qxd4 Nxe4 $40 {[%mdl 128] Black mounts an attack.} 24. Qxe4 Be6 25. Qe5 (25. Qd4 $15 Qg5+ 26. Rd2) 25... Qxe5 26. Nxe5 Bxa2 {[%mdl 4096] Endgame KRB-KRN} 27. Rd7 b5 28. Nc6 Re8 29. Ra7 Re2 30. Rxa6 Bc4 31. Ra3 h5 32. Na5 Be6 (32... Rxg2 33. Nxc4 bxc4 34. b5 $16) 33. Nb7 (33. c4 $142) 33... Rxg2 $19 34. Nd6 {[#]} g5 $1 35. Nxb5 {White wants to play Nd4.} h4 36. gxh4 gxh4 37. Nd4 Bg4 38. b5 $2 (38. Kb2 h3 39. Ra1) 38... h3 39. b6 h2 40. b7 h1=Q+ 41. Kb2 {[#]} Rxc2+ $1 42. Nxc2 (42. Kxc2 Qxb7) 42... Qxb7+ {Black mates.} 43. Rb3 Qe4 44. Rb4 Qe5+ 45. Nd4 Qc5 46. Ra4 Bd1 {Precision: White = 34%, Black = 73%.} 0-1